书目信息 |
| 题名: |
台湾通史
|
|
| 作者: | 连横 著 | |
| 分册: | 上册 | |
| 出版信息: | 北京 商务印书馆 1983 |
|
| 页数: | 337页 | |
| 开本: | 21cm | |
| 丛书名: | ||
| 单 册: | ||
| 中图分类: | K295.8 | |
| 科图分类: | ||
| 主题词: | 地方史--台湾 | |
| 电子资源: | ||
| ISBN: | ||
| 000 | 00620nam0 2200241 45 | |
| 001 | 0183004039 | |
| 005 | 20050419171150.0 | |
| 010 | @dCNY3.00 | |
| 091 | @a11017.607 | |
| 100 | @a19950509d1983 em y0chiy0121 ea | |
| 101 | 0 | @achi |
| 102 | @aCN@b110000 | |
| 105 | @ay z 000yy | |
| 200 | 10 | @a台湾通史@h上册@Atai wan tong shi@f连横著@FLian Heng Zhu |
| 205 | @a2版@b修订本 | |
| 210 | @a北京@c商务印书馆@d1983 | |
| 215 | @a337页@d21cm | |
| 606 | @a地方史@y台湾 | |
| 690 | @aK295.8@v3 | |
| 701 | 0 | @a连横@4著 |
| 801 | 0 | @aCN@b上海图书馆@c20031218 |
| 801 | 2 | @aCN@bNLC@c20031218 |
| 905 | @dK295.8@e35:1@b101343@f1 | |
| 台湾通史.上册/连横著.-2版,修订本.-北京:商务印书馆,1983 |
| 337页;21cm |
| ISBN :CNY3.00 |
| ● |
| 相关链接 |
|
|
|
|
正题名:台湾通史
索取号:K295.8/35:1
 
预约/预借
| 序号 | 登录号 | 条形码 | 馆藏地/架位号 | 状态 | 备注 |
| 1 | 0101339 | 001879104 | 密集书库/ [索取号:K295.8/35:1] | 在馆 | |
| 2 | 0101343 | 000357429 | 密集书库/ [索取号:K295.8/35:1] | 在馆 | |
| 3 | 0111625 | 001879060 | 密集书库/ [索取号:K295.8/35:1] | 在馆 |